Online
Catalog

La moral y la teoría : (Record no. 22243)

MARC details
000 -CABECERA
campo de control de longitud fija 00867nam a2200253 a 4500
001 - NÚMERO DE CONTROL
campo de control 000022746
005 - FECHA Y HORA DE LA ÚLTIMA TRANSACCIÓN
campo de control 20200930021755.0
008 - DATOS DE LONGITUD FIJA--INFORMACIÓN GENERAL
campo de control de longitud fija 101117s1985 mx r 000 0 spa d
020 ## - NÚMERO INTERNACIONAL ESTÁNDAR DEL LIBRO
Número Internacional Estándar del Libro 9681621670
040 ## - FUENTE DE LA CATALOGACIÓN
Centro catalogador/agencia de origen DO-SdBNP
Lengua de catalogación spa
Centro/agencia transcriptor BNPHU
082 ## - NÚMERO DE LA CLASIFICACIÓN DECIMAL DEWEY
Número de clasificación 305.42
Número de documento/Ítem G481m
049 ## - FONDOS LOCALES (OCLC)
Fondos de biblioteca BNGR
100 1# - ENTRADA PRINCIPAL--NOMBRE DE PERSONA
Nombre de persona Gilligan, Carol,
Fechas asociadas al nombre 1936-
9 (RLIN) 46739
240 10 - TÍTULO UNIFORME
Título uniforme In a different voice
Lenguaje de la obra Español
245 10 - MENCIÓN DE TÍTULO
Título La moral y la teoría :
Resto del título psicología del desarrollo femenino /
Mención de responsabilidad, etc. Carol Gilligan ; traducción de Juan José Utrilla.
260 ## - PUBLICACIÓN, DISTRIBUCIÓN, ETC.
Lugar de publicación, distribución, etc. México :
Nombre del editor, distribuidor, etc. Fondo de Cultura Económicas,
Fecha de publicación, distribución, etc. 1985.
300 ## - DESCRIPCIÓN FÍSICA
Extensión 288, [8] p. ;
Dimensiones 18 cm.
490 1# - MENCIÓN DE SERIE
Mención de serie Popular ;
Designación de volumen o secuencia 326
534 ## - NOTA SOBRE LA VERSIÓN ORIGINAL
Encabezamiento principal del original Título original:
Mención de título del original In a different voice
650 #4 - PUNTO DE ACCESO ADICIONAL DE MATERIA--TÉRMINO DE MATERIA
Término de materia o nombre geográfico como elemento de entrada Psicología de la mujer
9 (RLIN) 43610
650 #4 - PUNTO DE ACCESO ADICIONAL DE MATERIA--TÉRMINO DE MATERIA
Término de materia o nombre geográfico como elemento de entrada Psicología evolutiva
9 (RLIN) 46740
700 1# - PUNTO DE ACCESO ADICIONAL--NOMBRE DE PERSONA
Nombre de persona Utrilla, Juan José
Término indicativo de función/relación tr.
9 (RLIN) 44259
830 #0 - PUNTO DE ACCESO ADICIONAL DE SERIE-TÍTULO UNIFORME
Título uniforme Popular ;
Designación de volumen o secuencia 326
9 (RLIN) 13374

No items available.

Powered by Koha